|
|
|
|
| LEADER |
01297nam a2200361Ia 4500 |
| 001 |
EBC286734 |
| 003 |
MiAaPQ |
| 005 |
20200520144314.0 |
| 006 |
m o d | |
| 007 |
cr cn||||||||| |
| 008 |
040415s2004 enka sb 001 0 eng d |
| 020 |
|
|
|z 9780127223513
|
| 035 |
|
|
|a (MiAaPQ)EBC286734
|
| 035 |
|
|
|a (Au-PeEL)EBL286734
|
| 035 |
|
|
|a (CaPaEBR)ebr10167082
|
| 035 |
|
|
|a (CaONFJC)MIL96152
|
| 035 |
|
|
|a (OCoLC)437176611
|
| 040 |
|
|
|a MiAaPQ
|c MiAaPQ
|d MiAaPQ
|
| 050 |
|
4 |
|a HG4027.7
|b .V56 2004
|
| 082 |
0 |
4 |
|a 658.15224
|2 21
|
| 100 |
1 |
|
|a Vinturella, John B.,
|d 1942-
|
| 245 |
1 |
0 |
|a Raising entrepreneurial capital
|h [electronic resource] /
|c John B. Vinturella and Suzanne M. Erickson.
|
| 260 |
|
|
|a Oxford :
|b Academic,
|c 2004.
|
| 300 |
|
|
|a xxvii, 394 p. :
|b ill.
|
| 504 |
|
|
|a Includes bibliographical references and index.
|
| 533 |
|
|
|a Electronic reproduction. Ann Arbor, MI : ProQuest, 2015. Available via World Wide Web. Access may be limited to ProQuest affiliated libraries.
|
| 650 |
|
0 |
|a Small business
|x Finance.
|
| 650 |
|
0 |
|a Venture capital.
|
| 650 |
|
0 |
|a Entrepreneurship.
|
| 655 |
|
4 |
|a Electronic books.
|
| 700 |
1 |
|
|a Erickson, Suzanne M.
|
| 710 |
2 |
|
|a ProQuest (Firm)
|
| 856 |
4 |
0 |
|u https://ebookcentral.proquest.com/lib/matrademy/detail.action?docID=286734
|z Click to View
|